00669nam a2200181Ia 4500008004100000020001800041041000800059082001700067100001800084245007400102260001800176300000800194365001600202700003000218906005100248999001900299952016900318230718s9999 xx 000 0 und d a9788131776513 aeng a006.7'8bSRI aSrinivasan A. aCloud ComputingbA Practical Approach For Learning And Implementation c2014bPearson a412 cRs.b375.00 aSrinivasan A. & Suresh J. dO:0459024-Aug-2015B:57121-Aug-2015cITb1012.5 c340171d340171 00104070aCCEPbCCEPd2015-08-24eTechnical Book ServicesfITg273.75i571l0o006.7'8pCCEP-BK-51378r2023-07-18 00:00:00t1012.5v375.00w2015-08-21yBKz051378